Đang tải...

Tribes,Races & Culture Of India And Neighbouring Countries(Afganistan,Bhutan.....)

Chi tiết về thư mục
Tác giả chính: Hammerton J A, Ed
Định dạng: Printed Book
Ngôn ngữ:Undetermined
Được phát hành: Delhi: Mittal, 1984
Những chủ đề:
LEADER 00611nam a2200157Ia 4500
008 200110s9999||||xx |||||||||||||| ||und||
080 |a 305.8  |b HAM-T 
100 |a  Hammerton J A, Ed. 
245 0 |a Tribes,Races & Culture Of India And Neighbouring Countries(Afganistan,Bhutan.....) 
260 |a Delhi:  |b Mittal,   |c 1984 
300 |a 343 p.  |f HB 
500 |a General 
650 |a Races & Culture Of India And Neighbouring Countries(Afganistan-- Tribes --Bhutan.....) 
942 |c BK 
999 |c 255560  |d 255560 
952 |0 0  |1 0  |4 0  |6 305_800000000000000_HAMT  |7 0  |9 271485  |a SOC  |b SOC  |l 0  |o 305.8 HAM-T  |p SOC5210  |r 2020-01-14  |w 2020-01-14  |y BK